Estatísticas para Os 15 principais países afetados pela Covid-19 - 18 de maio

Clique aqui para jogar o quiz

Estatísticas Gerais

  • Esse quiz foi jogado 6 vezes
  • A pontuação média é 16 de 25

Estatísticas das Respostas

país% Correto
Alemanha
100%
Brasil
100%
Canadá
100%
China
100%
Espanha
100%
Estados Unidos
100%
Itália
100%
Portugal
100%
Suíça
100%
França
83%
Índia
83%
Irão
83%
Reino Unido
83%
Suécia
83%
Bélgica
67%
Irlanda
50%
Peru
50%
Rússia
50%
Arábia Saudita
33%
Bielorrússia
17%
Singapura
17%
Turquia
17%
Bahrein
0%
Catar
0%
Kuweit
0%

Distribuição das Pontuações

Percentil de Números Respondidos

Porcentagem de Pessoas com Cada Pontuação

Sua Pontuação Histórica

Você não jogou esse quiz